| 000 | 00399nam a22001217a 4500 | ||
|---|---|---|---|
| 082 | _aTHE 200 | ||
| 100 |
_aMuhammad Osman Abid _972822 |
||
| 245 | _aTH-SOF-0781-ELEARNING ADOPTION ENVIRONMENT AN EVALUATION OF STUDENTS PERCEPTION ABOUT THE MEASURES | ||
| 260 |
_aNUST COLLEGE OF EME _bISLAMABAD _c2001 |
||
| 650 |
_a MS-EM-6 MSTHESIS _970416 |
||
| 700 |
_aDr. Akhtar Nawaz Malik _916099 |
||
| 942 | _cCF | ||
| 999 |
_c578805 _d578805 |
||